El sol mueve la sombra de las cosas quietas /

Guardado en:
Autor Principal: Kamiya, Alejandra.
Formato: Libro
Publicado: CABA : Eterna Cadencia, 2024.
Materias:
Etiquetas: Agregar Etiqueta
Sin Etiquetas, Sea el primero en etiquetar este registro!
LEADER 00541nam a22001695a 4500
001 EHU.bham052613
008 250829s2024##################000#0#####d
005 20250829101011.0
245 1 0 |a El sol mueve la sombra de las cosas quietas /  |c Alejandra Kamiya. 
260 |a CABA :  |b Eterna Cadencia,  |c 2024. 
300 |a 128 p. 
020 |a 9789877123234 
100 1 |a Kamiya, Alejandra. 
082 A 8 |a A863.5 K15-1 
653 |a Literatura argentina-2000- 
653 |a Cuento argentino-2000- 
859 |a AR-BHAM  |b BIB. HUMANIDADES - General  |h A863.5  |i K15-1  |p 134.25  |t 1